| 000 | 00810nam a2200229 i 4500 | ||
|---|---|---|---|
| 001 | 104901 | ||
| 003 | ES-MaACL | ||
| 005 | 20231224062927.0 | ||
| 007 | t| | ||
| 008 | 060523s1939 ag ||||1| spa d | ||
| 080 | _a821.134.2-31"18" | ||
| 100 | 1 |
_aFernández y González, Manuel, _d1821-1888 _950183 |
|
| 245 | 1 | 3 |
_aEl cocinero de su majestad _b: (memorias del tiempo de Felipe III) / _cpor Manuel Fernández y González. |
| 250 | _a1ª ed. | ||
| 260 |
_aBuenos Aires : _bSopena, _c1939. |
||
| 300 |
_a2 v. ; _c23 cm. |
||
| 490 | 1 | _aBiblioteca mundial Sopena | |
| 651 | 4 |
_aEspaña- _xHistoria- _y1598-1621, Felipe III- _vNovelas. _9171410 |
|
| 830 | 1 |
_aBiblioteca mundial Sopena _9184865 |
|
| 852 |
_aES-MaACL _jE-11218-19 _z- Biblioteca Jacinto Martínez Lacalle. |
||
| 999 |
_c104901 _d104901 |
||